<?xml version="1.0" encoding="UTF-8"?>
<record
    xmlns:xsi="http://www.w3.org/2001/XMLSchema-instance"
    xsi:schemaLocation="http://www.loc.gov/MARC21/slim http://www.loc.gov/standards/marcxml/schema/MARC21slim.xsd"
    xmlns="http://www.loc.gov/MARC21/slim">

  <leader>00832nam a2200169Ia 4500</leader>
  <controlfield tag="008">120626s9999    xx            000 0 und d</controlfield>
  <datafield tag="020" ind1=" " ind2=" ">
    <subfield code="a">84-277-1452-1</subfield>
  </datafield>
  <datafield tag="050" ind1=" " ind2=" ">
    <subfield code="a">LB1027 P76 2005</subfield>
  </datafield>
  <datafield tag="100" ind1=" " ind2=" ">
    <subfield code="a">PROT, Brigitte</subfield>
  </datafield>
  <datafield tag="245" ind1=" " ind2=" ">
    <subfield code="a">Pedagog&#xED;a de la motivaci&#xF3;n : c&#xF3;mo despertar el deseo de aprender / Brigitte Prot ; traducci&#xF3;n: Rodrigo Fidalgo Villapalos</subfield>
  </datafield>
  <datafield tag="260" ind1=" " ind2=" ">
    <subfield code="a">Espa&#xF1;a : Narcea</subfield>
  </datafield>
  <datafield tag="300" ind1=" " ind2=" ">
    <subfield code="a">132 p. ; 21 cm.</subfield>
  </datafield>
  <datafield tag="440" ind1=" " ind2=" ">
    <subfield code="a">Colecci&#xF3;n Educaci&#xF3;n Hoy</subfield>
  </datafield>
  <datafield tag="500" ind1=" " ind2=" ">
    <subfield code="a">Anexos: 1. Balance de situaci&#xF3;n escolar 2. Construcci&#xF3;n de la motivaci&#xF3;n 3. Sociedad, alumnos y profesorado 4. Correspondencia de sistemas educativo franc&#xE9;s y espa&#xF1;ol \ T&#xED;tulo original: Profession motivatrice. R&#xE9;veiller le d&#xE9;sir d&#xB4;apprendre au coll&#xE8;ge et </subfield>
  </datafield>
  <datafield tag="650" ind1=" " ind2=" ">
    <subfield code="a">MOTICACI&#xD3;N - EDUCACI&#xD3;N</subfield>
  </datafield>
  <datafield tag="700" ind1=" " ind2=" ">
    <subfield code="a">FIDALGO VILLAPALOS, Rodrigo (tr.) \ Ser.&#xCC;</subfield>
  </datafield>
  <datafield tag="952" ind1=" " ind2=" ">
    <subfield code="0">0</subfield>
    <subfield code="1">0</subfield>
    <subfield code="2">ddc</subfield>
    <subfield code="4">0</subfield>
    <subfield code="7">0</subfield>
    <subfield code="a">22</subfield>
    <subfield code="b">22</subfield>
    <subfield code="d">2010-11-09</subfield>
    <subfield code="l">0</subfield>
    <subfield code="o">LB1027 P76 2005</subfield>
    <subfield code="p">17 000897</subfield>
    <subfield code="r">2023-08-01</subfield>
    <subfield code="t">1</subfield>
    <subfield code="w">2012-06-26</subfield>
    <subfield code="y">LB</subfield>
    <subfield code="f"></subfield>
  </datafield>
  <datafield tag="999" ind1=" " ind2=" ">
    <subfield code="c">73551</subfield>
    <subfield code="d">73551</subfield>
  </datafield>
</record>
